000 00484nam a2200193Ia 4500
005 20240823031258.0
008 240823s9999||||xx |||||||||||||| ||und||
020 _a978-81-87156-53-8
041 _aENGLISH
082 _A621.38195 Q1
100 _aVijayendran V
245 0 _aDigital Electronics & Microprocessor - 8085
250 _a1st
260 _c2011
_bS. Viswanathan Pv
500 _aYES
650 _aDigital Electronics
_bElectronics
942 _cBK
999 _c190689
_d190689